<?xml version="1.0" encoding="UTF-8"?>
<collection xmlns="http://www.loc.gov/MARC21/slim">
 <record>
  <leader>01574cam a22003492  4500</leader>
  <controlfield tag="001">1071551078</controlfield>
  <controlfield tag="003">DE-627</controlfield>
  <controlfield tag="005">20200110130903.0</controlfield>
  <controlfield tag="007">tu</controlfield>
  <controlfield tag="008">850101s1954    xx ||||| m    00| ||ger c</controlfield>
  <datafield tag="035" ind1=" " ind2=" ">
   <subfield code="a">(DE-627)1071551078</subfield>
  </datafield>
  <datafield tag="035" ind1=" " ind2=" ">
   <subfield code="a">(DE-576)001551078</subfield>
  </datafield>
  <datafield tag="035" ind1=" " ind2=" ">
   <subfield code="a">(DE-599)BSZ001551078</subfield>
  </datafield>
  <datafield tag="035" ind1=" " ind2=" ">
   <subfield code="a">(OCoLC)310471976</subfield>
  </datafield>
  <datafield tag="040" ind1=" " ind2=" ">
   <subfield code="a">DE-627</subfield>
   <subfield code="b">ger</subfield>
   <subfield code="c">DE-627</subfield>
   <subfield code="e">rakwb</subfield>
  </datafield>
  <datafield tag="041" ind1=" " ind2=" ">
   <subfield code="a">ger</subfield>
  </datafield>
  <datafield tag="100" ind1="1" ind2=" ">
   <subfield code="a">Guth-Dreyfus, Katia</subfield>
   <subfield code="d">1926-2021</subfield>
   <subfield code="0">(DE-588)111698637X</subfield>
   <subfield code="0">(DE-627)870795600</subfield>
   <subfield code="0">(DE-576)47865474X</subfield>
   <subfield code="4">aut</subfield>
  </datafield>
  <datafield tag="245" ind1="1" ind2="0">
   <subfield code="a">Transluzides Email in der ersten Hälfte des vierzehnten Jahrhunderts am Ober-, Mittel- und Niederrhein</subfield>
   <subfield code="c">Katia Guth-Dreyfus</subfield>
  </datafield>
  <datafield tag="264" ind1=" " ind2="1">
   <subfield code="a">Basel</subfield>
   <subfield code="b">Birkhäuser</subfield>
   <subfield code="c">1954</subfield>
  </datafield>
  <datafield tag="300" ind1=" " ind2=" ">
   <subfield code="a">128 S.</subfield>
   <subfield code="b">graph. Darst.</subfield>
  </datafield>
  <datafield tag="336" ind1=" " ind2=" ">
   <subfield code="a">Text</subfield>
   <subfield code="b">txt</subfield>
   <subfield code="2">rdacontent</subfield>
  </datafield>
  <datafield tag="337" ind1=" " ind2=" ">
   <subfield code="a">ohne Hilfsmittel zu benutzen</subfield>
   <subfield code="b">n</subfield>
   <subfield code="2">rdamedia</subfield>
  </datafield>
  <datafield tag="338" ind1=" " ind2=" ">
   <subfield code="a">Band</subfield>
   <subfield code="b">nc</subfield>
   <subfield code="2">rdacarrier</subfield>
  </datafield>
  <datafield tag="490" ind1="1" ind2=" ">
   <subfield code="a">Basler Studien zur Kunstgeschichte</subfield>
   <subfield code="v">9</subfield>
  </datafield>
  <datafield tag="502" ind1=" " ind2=" ">
   <subfield code="a">Zugl.: Basel, Univ., Diss., 1951</subfield>
  </datafield>
  <datafield tag="655" ind1=" " ind2="7">
   <subfield code="a">Hochschulschrift</subfield>
   <subfield code="0">(DE-588)4113937-9</subfield>
   <subfield code="0">(DE-627)105825778</subfield>
   <subfield code="0">(DE-576)209480580</subfield>
   <subfield code="2">gnd-content</subfield>
  </datafield>
  <datafield tag="751" ind1=" " ind2=" ">
   <subfield code="a">Basel</subfield>
   <subfield code="0">(DE-588)4004617-5</subfield>
   <subfield code="0">(DE-627)10638497X</subfield>
   <subfield code="0">(DE-576)208856919</subfield>
   <subfield code="4">uvp</subfield>
  </datafield>
  <datafield tag="787" ind1="0" ind2="8">
   <subfield code="i">Rezension</subfield>
   <subfield code="a">Steingräber, Erich, 1922 - 2013</subfield>
   <subfield code="t">[Rezension von: Katia Guth-Dreyfus, Transluzides Email in der ersten Hälfte des 14. Jahrhunderts am Ober-, Mittel- und Niederrhein]</subfield>
   <subfield code="d">Nürnberg : Carl, 1955</subfield>
   <subfield code="w">(DE-627)1687025320</subfield>
  </datafield>
  <datafield tag="830" ind1=" " ind2="0">
   <subfield code="a">Basler Studien zur Kunstgeschichte</subfield>
   <subfield code="v">9</subfield>
   <subfield code="9">9</subfield>
   <subfield code="w">(DE-627)130109061</subfield>
   <subfield code="w">(DE-576)00086319X</subfield>
   <subfield code="w">(DE-600)503550-8</subfield>
  </datafield>
  <datafield tag="951" ind1=" " ind2=" ">
   <subfield code="a">BO</subfield>
  </datafield>
  <datafield tag="991" ind1=" " ind2=" ">
   <subfield code="a">Rezensiertes Werk</subfield>
  </datafield>
  <datafield tag="999" ind1=" " ind2=" ">
   <subfield code="a">KXP-PPN1071551078</subfield>
   <subfield code="e">4098952629</subfield>
  </datafield>
 </record>
</collection>
